[Event "Campeonato de España Rapid 2017"]
[Site "Linares"]
[Date "2017.08.13"]
[Round "1"]
[White "Lopez Lopez, Alfredo"]
[Black "Dvirnyy, Danyyil"]
[Result "0-1"]
[Board "16"]
[WhiteElo "2040"]
[WhiteCountry "ESP"]
[WhiteFideId "2251140"]
[WhiteEloChange "-2"]
[BlackTitle "GM"]
[BlackElo "2555"]
[BlackCountry "ITA"]
[BlackFideId "817570"]
[BlackEloChange "1"]

1. d4 {[%clk 0:14:44]} d5 {[%clk 0:15:06]} 2. Bf4 {[%clk 0:14:46]} Nf6 {[%clk
0:15:05]} 3. e3 {[%clk 0:14:49]} g6 {[%clk 0:15:07]} 4. Nf3 {[%clk 0:14:45]} Bg7
{[%clk 0:15:11]} 5. Be2 {[%clk 0:14:48]} O-O {[%clk 0:15:13]} 6. O-O {[%clk
0:14:53]} c5 {[%clk 0:15:17]} 7. c3 {[%clk 0:14:47]} b6 {[%clk 0:15:15]} 8. h3
{[%clk 0:14:46]} Bb7 {[%clk 0:15:12]} 9. Nbd2 {[%clk 0:14:47]} Nc6 {[%clk
0:15:16]} 10. Re1 {[%clk 0:14:29]} e6 {[%clk 0:15:13]} 11. Bh2 {[%clk 0:14:31]}
Qe7 {[%clk 0:15:15]} 12. Bf1 {[%clk 0:14:16]} Rfd8 {[%clk 0:15:16]} 13. Qa4
{[%clk 0:14:01]} a6 {[%clk 0:15:18]} 14. Qa3 {[%clk 0:13:08]} Nd7 {[%clk
0:15:00]} 15. Rad1 {[%clk 0:12:03]} b5 {[%clk 0:13:26]} 16. e4 {[%clk 0:10:04]}
cxd4 {[%clk 0:13:18]} 17. Qxe7 {[%clk 0:10:05]} Nxe7 {[%clk 0:13:21]} 18. Nxd4
{[%clk 0:10:01]} Nc5 {[%clk 0:12:42]} 19. e5 {[%clk 0:06:50]} Na4 {[%clk
0:12:46]} 20. Rb1 {[%clk 0:06:44]} Rdc8 {[%clk 0:11:59]} 21. N2b3 {[%clk
0:06:46]} Rab8 {[%clk 0:11:59]} 22. Na5 {[%clk 0:06:45]} Nc6 {[%clk 0:11:14]} 23.
Naxc6 {[%clk 0:06:22]} Bxc6 {[%clk 0:11:17]} 24. f4 {[%clk 0:05:42]} Bd7 {[%clk
0:11:10]} 25. g4 {[%clk 0:05:31]} a5 {[%clk 0:11:05]} 26. Red1 {[%clk 0:04:19]}
b4 {[%clk 0:10:16]} 27. cxb4 {[%clk 0:04:23]} Rxb4 {[%clk 0:10:19]} 28. Bg3
{[%clk 0:04:26]} Nxb2 {[%clk 0:09:26]} 29. Rd2 {[%clk 0:04:18]} Na4 {[%clk
0:09:06]} 30. Rxb4 {[%clk 0:04:12]} axb4 {[%clk 0:09:09]} 31. Bd3 {[%clk
0:03:44]} Bf8 {[%clk 0:08:35]} 32. Kg2 {[%clk 0:03:19]} Rc3 {[%clk 0:07:58]} 33.
f5 {[%clk 0:02:47]} Bh6 {[%clk 0:07:57]} 34. Rd1 {[%clk 0:02:42]} Nb2 {[%clk
0:07:56]} 0-1

[Event "Campeonato de España Rapid 2017"]
[Site "Linares"]
[Date "2017.08.13"]
[Round "1"]
[White "Del Rio De Angelis, Salvador G."]
[Black "Nieves Cabanes, Javier"]
[Result "1-0"]
[Board "17"]
[WhiteTitle "GM"]
[WhiteElo "2542"]
[WhiteCountry "ESP"]
[WhiteFideId "2203138"]
[WhiteEloChange "1"]
[BlackElo "2037"]
[BlackCountry "ESP"]
[BlackFideId "22245707"]
[BlackEloChange "-2"]

1. d4 {[%clk 0:15:08]} Nf6 {[%clk 0:15:09]} 2. c4 {[%clk 0:15:11]} c5 {[%clk
0:15:10]} 3. d5 {[%clk 0:15:15]} b5 {[%clk 0:15:14]} 4. cxb5 {[%clk 0:15:19]} a6
{[%clk 0:15:14]} 5. e3 {[%clk 0:15:19]} axb5 {[%clk 0:15:05]} 6. Bxb5 {[%clk
0:15:27]} g6 {[%clk 0:15:05]} 7. Nc3 {[%clk 0:15:19]} Bg7 {[%clk 0:14:59]} 8.
Nge2 {[%clk 0:15:19]} O-O {[%clk 0:14:55]} 9. O-O {[%clk 0:15:16]} d6 {[%clk
0:13:50]} 10. a4 {[%clk 0:15:06]} Na6 {[%clk 0:13:42]} 11. e4 {[%clk 0:15:00]}
Nb4 {[%clk 0:13:16]} 12. f3 {[%clk 0:12:52]} Ne8 {[%clk 0:12:33]} 13. Bg5 {[%clk
0:12:20]} h6 {[%clk 0:11:57]} 14. Be3 {[%clk 0:12:20]} Nc7 {[%clk 0:11:54]} 15.
Qd2 {[%clk 0:12:07]} Kh7 {[%clk 0:11:57]} 16. Bc4 {[%clk 0:11:49]} e6 {[%clk
0:10:11]} 17. dxe6 {[%clk 0:11:39]} Bxe6 {[%clk 0:10:07]} 18. Bxe6 {[%clk
0:11:30]} Nxe6 {[%clk 0:09:00]} 19. Rad1 {[%clk 0:11:09]} Ra6 {[%clk 0:08:23]}
20. b3 {[%clk 0:11:02]} Qb8 {[%clk 0:08:13]} 21. Nb5 {[%clk 0:09:45]} Rd8 {[%clk
0:08:06]} 22. f4 {[%clk 0:09:46]} d5 {[%clk 0:06:08]} 23. exd5 {[%clk 0:09:03]}
Nxd5 {[%clk 0:05:14]} 24. Qc1 {[%clk 0:07:18]} Nxe3 {[%clk 0:03:05]} 25. Qxe3
{[%clk 0:07:22]} Nd4 {[%clk 0:03:08]} 26. Nexd4 {[%clk 0:07:25]} cxd4 {[%clk
0:03:11]} 27. Qd3 {[%clk 0:07:28]} Re6 {[%clk 0:03:05]} 28. f5 {[%clk 0:06:46]}
Re3 {[%clk 0:02:36]} 29. Qc4 {[%clk 0:06:50]} Qa8 {[%clk 0:02:13]} 30. f6 {[%clk
0:06:16]} Qe4 {[%clk 0:01:10]} 31. Qxf7 {[%clk 0:05:12]} Rg8 {[%clk 0:01:14]} 32.
Rxd4 {[%clk 0:04:37]} 1-0

[Event "Campeonato de España Rapid 2017"]
[Site "Linares"]
[Date "2017.08.13"]
[Round "1"]
[White "Domingo Nunez, Alejandro"]
[Black "Alsina Leal, Daniel"]
[Result "0-1"]
[Board "18"]
[WhiteTitle "FM"]
[WhiteElo "2023"]
[WhiteCountry "ESP"]
[WhiteFideId "22245561"]
[WhiteEloChange "-2"]
[BlackTitle "GM"]
[BlackElo "2531"]
[BlackCountry "ESP"]
[BlackFideId "2252627"]
[BlackEloChange "1"]

1. e4 {[%clk 0:15:07]} c5 {[%clk 0:15:09]} 2. d4 {[%clk 0:14:54]} cxd4 {[%clk
0:15:09]} 3. c3 {[%clk 0:14:54]} Nf6 {[%clk 0:15:09]} 4. e5 {[%clk 0:14:54]} Nd5
{[%clk 0:15:18]} 5. Nf3 {[%clk 0:15:07]} e6 {[%clk 0:15:20]} 6. cxd4 {[%clk
0:15:11]} d6 {[%clk 0:15:21]} 7. a3 {[%clk 0:15:15]} Bd7 {[%clk 0:15:21]} 8. Bd3
{[%clk 0:15:18]} Bc6 {[%clk 0:15:22]} 9. O-O {[%clk 0:15:20]} Nd7 {[%clk
0:15:12]} 10. b4 {[%clk 0:15:22]} a6 {[%clk 0:14:49]} 11. Nbd2 {[%clk 0:14:42]}
dxe5 {[%clk 0:14:09]} 12. dxe5 {[%clk 0:14:44]} Nf4 {[%clk 0:11:05]} 13. Be4
{[%clk 0:13:12]} Rc8 {[%clk 0:09:21]} 14. Bxc6 {[%clk 0:11:03]} Rxc6 {[%clk
0:09:10]} 15. Nd4 {[%clk 0:10:01]} Rc8 {[%clk 0:07:58]} 16. Qf3 {[%clk 0:07:54]}
Nd5 {[%clk 0:07:19]} 17. Qg3 {[%clk 0:07:56]} Qc7 {[%clk 0:05:20]} 18. N2f3
{[%clk 0:07:23]} g6 {[%clk 0:04:33]} 19. h4 {[%clk 0:05:23]} Bg7 {[%clk 0:04:16]}
20. Re1 {[%clk 0:05:25]} O-O {[%clk 0:03:30]} 21. Bg5 {[%clk 0:04:30]} Qc3 {[%clk
0:02:15]} 22. Rec1 {[%clk 0:03:20]} Qb2 {[%clk 0:01:35]} 23. Rcb1 {[%clk
0:03:13]} Qc3 {[%clk 0:01:32]} 24. Rc1 {[%clk 0:03:17]} Qd3 {[%clk 0:01:21]} 25.
Rd1 {[%clk 0:03:21]} Qc4 {[%clk 0:01:22]} 26. Rdc1 {[%clk 0:03:22]} Nc3 {[%clk
0:01:18]} 27. Be7 {[%clk 0:00:45]} Nxe5 {[%clk 0:01:10]} 28. Bxf8 {[%clk
0:00:21]} Nxf3+ {[%clk 0:01:11]} 29. Kh1 {[%clk 0:00:19]} Bxd4 {[%clk 0:01:03]}
30. Bd6 {[%clk 0:00:15]} Nd2 {[%clk 0:01:01]} 31. Qf4 {[%clk 0:00:13]} Nb3 {[%clk
0:00:54]} 32. h5 {[%clk 0:00:12]} Nxa1 {[%clk 0:00:50]} 33. h6 {[%clk 0:00:10]}
Nb3 {[%clk 0:00:47]} 34. Re1 {[%clk 0:00:14]} Bh8 {[%clk 0:00:25]} 35. Qg5 {[%clk
0:00:19]} Ne4 {[%clk 0:00:25]} 36. Qe7 {[%clk 0:00:13]} Nxd6 {[%clk 0:00:27]} 37.
Re3 {[%clk 0:00:18]} Nf5 {[%clk 0:00:24]} 0-1

[Event "Campeonato de España Rapid 2017"]
[Site "Linares"]
[Date "2017.08.13"]
[Round "1"]
[White "Ljubojevic, Ljubomir"]
[Black "Garcia Perez, Javier"]
[Result "1/2-1/2"]
[Board "19"]
[WhiteTitle "GM"]
[WhiteElo "2524"]
[WhiteCountry "SRB"]
[WhiteFideId "900010"]
[WhiteEloChange "-4"]
[BlackElo "2022"]
[BlackCountry "ESP"]
[BlackFideId "22238751"]
[BlackEloChange "8"]

1. d4 {[%clk 0:15:09]} Nf6 {[%clk 0:15:07]} 2. c4 {[%clk 0:15:12]} c5 {[%clk
0:15:10]} 3. d5 {[%clk 0:15:16]} b5 {[%clk 0:15:13]} 4. cxb5 {[%clk 0:15:20]} a6
{[%clk 0:15:17]} 5. bxa6 {[%clk 0:15:23]} Bxa6 {[%clk 0:15:14]} 6. Nc3 {[%clk
0:15:26]} g6 {[%clk 0:15:16]} 7. g3 {[%clk 0:15:25]} Bg7 {[%clk 0:15:17]} 8. Bg2
{[%clk 0:15:29]} d6 {[%clk 0:15:21]} 9. Nf3 {[%clk 0:15:32]} O-O {[%clk 0:15:23]}
10. O-O {[%clk 0:15:36]} Qb6 {[%clk 0:15:17]} 11. Rb1 {[%clk 0:15:22]} Nbd7
{[%clk 0:13:22]} 12. b3 {[%clk 0:15:10]} Ne8 {[%clk 0:12:46]} 13. Bb2 {[%clk
0:14:51]} Nc7 {[%clk 0:12:44]} 14. Na4 {[%clk 0:14:53]} Qb4 {[%clk 0:12:43]} 15.
Bxg7 {[%clk 0:14:06]} Kxg7 {[%clk 0:12:47]} 16. Rc1 {[%clk 0:13:01]} Rfb8 {[%clk
0:10:16]} 17. h3 {[%clk 0:12:06]} Nb6 {[%clk 0:09:55]} 18. Nxb6 {[%clk 0:10:55]}
Rxb6 {[%clk 0:09:56]} 19. Nd2 {[%clk 0:10:11]} Ra7 {[%clk 0:06:39]} 20. Re1
{[%clk 0:09:59]} Kg8 {[%clk 0:04:04]} 21. Rc2 {[%clk 0:06:09]} Rb8 {[%clk
0:03:35]} 22. Qc1 {[%clk 0:04:54]} Nb5 {[%clk 0:03:06]} 23. Rc4 {[%clk 0:04:23]}
Qa5 {[%clk 0:03:09]} 24. e3 {[%clk 0:04:09]} Nc7 {[%clk 0:02:36]} 25. Ra4 {[%clk
0:04:05]} Qb6 {[%clk 0:02:36]} 26. Qc3 {[%clk 0:03:36]} Bb5 {[%clk 0:02:04]} 27.
Rxa7 {[%clk 0:03:38]} Qxa7 {[%clk 0:02:07]} 28. a4 {[%clk 0:03:15]} Ba6 {[%clk
0:01:45]} 29. e4 {[%clk 0:03:11]} f6 {[%clk 0:01:34]} 30. Bf1 {[%clk 0:03:13]}
Qb6 {[%clk 0:01:30]} 31. h4 {[%clk 0:03:02]} Qb4 {[%clk 0:01:16]} 32. Qxb4 {[%clk
0:03:00]} Rxb4 {[%clk 0:01:35]} 33. Bxa6 {[%clk 0:02:56]} Nxa6 {[%clk 0:01:39]}
34. Re2 {[%clk 0:02:01]} Kf7 {[%clk 0:01:41]} 35. Kf1 {[%clk 0:02:05]} c4 {[%clk
0:01:23]} 36. bxc4 {[%clk 0:01:23]} Rxa4 {[%clk 0:01:23]} 37. Re3 {[%clk
0:01:22]} Nc5 {[%clk 0:01:22]} 38. Ke2 {[%clk 0:01:26]} Ra2 {[%clk 0:01:19]} 39.
f3 {[%clk 0:01:29]} f5 {[%clk 0:01:14]} 40. exf5 {[%clk 0:01:31]} gxf5 {[%clk
0:01:18]} 41. Rc3 {[%clk 0:01:30]} Kf6 {[%clk 0:01:11]} 42. Ke3 {[%clk 0:01:32]}
h5 {[%clk 0:01:04]} 43. Nf1 {[%clk 0:01:18]} e6 {[%clk 0:00:53]} 44. dxe6 {[%clk
0:01:21]} Kxe6 {[%clk 0:00:57]} 45. Nd2 {[%clk 0:01:22]} Ke5 {[%clk 0:00:50]} 46.
Nf1 {[%clk 0:01:10]} Ke6 {[%clk 0:01:01]} 47. Kf4 {[%clk 0:01:11]} Kf6 {[%clk
0:01:03]} 48. Ke3 {[%clk 0:01:11]} Ke5 {[%clk 0:01:06]} 49. Nd2 {[%clk 0:01:15]}
Kf6 {[%clk 0:01:05]} 50. Nf1 {[%clk 0:01:08]} Ke5 {[%clk 0:01:09]} 51. f4+ {[%clk
0:01:09]} Ke6 {[%clk 0:01:13]} 52. Nd2 {[%clk 0:01:12]} Kf6 {[%clk 0:01:12]} 53.
Nf3 {[%clk 0:01:12]} Ne4 {[%clk 0:01:12]} 54. Rd3 {[%clk 0:01:17]} Rc2 {[%clk
0:01:08]} 55. Nd2 {[%clk 0:01:20]} Nxd2 {[%clk 0:00:54]} 56. Rxd6+ {[%clk
0:01:23]} Ke7 {[%clk 0:00:58]} 57. Rxd2 {[%clk 0:01:27]} Rxc4 {[%clk 0:01:02]}
58. Rd5 {[%clk 0:01:23]} Kf6 {[%clk 0:01:04]} 59. Kd3 {[%clk 0:01:16]} Ra4 {[%clk
0:01:08]} 60. Rd6+ {[%clk 0:01:27]} Kg7 {[%clk 0:01:11]} 61. Rc6 {[%clk 0:01:30]}
Rb4 {[%clk 0:01:08]} 62. Rc4 {[%clk 0:01:32]} Rb3+ {[%clk 0:01:11]} 63. Kd4
{[%clk 0:01:33]} Rxg3 {[%clk 0:01:12]} 64. Ke5 {[%clk 0:01:37]} Rg4 {[%clk
0:01:06]} 65. Kxf5 {[%clk 0:01:41]} Rxh4 {[%clk 0:01:10]} 66. Rc7+ {[%clk
0:01:40]} Kh6 {[%clk 0:01:08]} 67. Rc6+ {[%clk 0:01:30]} Kg7 {[%clk 0:01:11]} 68.
Rc7+ {[%clk 0:00:53]} Kh6 {[%clk 0:01:15]} 69. Ke5 {[%clk 0:00:57]} Rh1 {[%clk
0:01:17]} 70. f5 {[%clk 0:01:01]} Re1+ {[%clk 0:01:11]} 71. Kf6 {[%clk 0:01:05]}
h4 {[%clk 0:00:59]} 72. Rc8 {[%clk 0:00:58]} Kh5 {[%clk 0:01:03]} 73. Rh8+ {[%clk
0:00:37]} Kg4 {[%clk 0:01:06]} 74. Kg6 {[%clk 0:00:39]} Rf1 {[%clk 0:00:55]} 75.
f6 {[%clk 0:00:43]} h3 {[%clk 0:00:58]} 76. f7 {[%clk 0:00:47]} Rxf7 {[%clk
0:00:58]} 1/2-1/2

[Event "Campeonato de España Rapid 2017"]
[Site "Linares"]
[Date "2017.08.13"]
[Round "1"]
[White "Forcen Esteban, Daniel"]
[Black "Nieves Cabanes, Jose Manuel"]
[Result "1-0"]
[Board "21"]
[WhiteTitle "GM"]
[WhiteElo "2523"]
[WhiteCountry "ESP"]
[WhiteFideId "2288230"]
[WhiteEloChange "1"]
[BlackTitle "FM"]
[BlackElo "2011"]
[BlackCountry "ESP"]
[BlackFideId "22245715"]
[BlackEloChange "-2"]

1. e4 {[%clk 0:15:08]} c6 {[%clk 0:15:04]} 2. Nc3 {[%clk 0:14:54]} d5 {[%clk
0:15:07]} 3. Nf3 {[%clk 0:14:58]} Bg4 {[%clk 0:15:04]} 4. h3 {[%clk 0:15:01]} Bh5
{[%clk 0:15:06]} 5. d3 {[%clk 0:14:40]} e6 {[%clk 0:14:57]} 6. g4 {[%clk
0:14:39]} Bg6 {[%clk 0:14:57]} 7. Qe2 {[%clk 0:14:43]} Nf6 {[%clk 0:14:04]} 8.
Ne5 {[%clk 0:13:28]} Bb4 {[%clk 0:12:56]} 9. Nxg6 {[%clk 0:13:18]} hxg6 {[%clk
0:12:56]} 10. Bd2 {[%clk 0:13:13]} d4 {[%clk 0:12:41]} 11. Nb1 {[%clk 0:13:16]}
Bxd2+ {[%clk 0:12:39]} 12. Nxd2 {[%clk 0:13:20]} e5 {[%clk 0:12:19]} 13. h4
{[%clk 0:12:44]} Nbd7 {[%clk 0:11:53]} 14. Qf3 {[%clk 0:12:47]} Nf8 {[%clk
0:11:26]} 15. Qg3 {[%clk 0:12:51]} Qe7 {[%clk 0:11:15]} 16. O-O-O {[%clk
0:12:32]} O-O-O {[%clk 0:10:47]} 17. Nc4 {[%clk 0:12:01]} N6d7 {[%clk 0:09:34]}
18. f4 {[%clk 0:12:04]} exf4 {[%clk 0:09:28]} 19. Qxf4 {[%clk 0:12:08]} g5 {[%clk
0:09:28]} 20. Qxf7 {[%clk 0:12:09]} Qc5 {[%clk 0:08:37]} 21. h5 {[%clk 0:11:16]}
g6 {[%clk 0:07:25]} 22. Be2 {[%clk 0:10:46]} Rh7 {[%clk 0:06:45]} 23. Qf2 {[%clk
0:10:10]} gxh5 {[%clk 0:06:27]} 24. gxh5 {[%clk 0:09:50]} Ne6 {[%clk 0:05:18]}
25. Bg4 {[%clk 0:09:10]} Nf4 {[%clk 0:05:10]} 26. Kb1 {[%clk 0:07:59]} Kb8 {[%clk
0:05:02]} 27. Qg3 {[%clk 0:08:00]} Ka8 {[%clk 0:04:18]} 28. h6 {[%clk 0:07:51]}
Qe7 {[%clk 0:03:33]} 29. Bf5 {[%clk 0:07:41]} Rhh8 {[%clk 0:03:37]} 30. h7 {[%clk
0:07:27]} Nf8 {[%clk 0:03:33]} 31. Rh6 {[%clk 0:07:05]} Nxh7 {[%clk 0:02:01]} 32.
Rdh1 {[%clk 0:07:07]} Ne2 {[%clk 0:01:31]} 33. Qe1 {[%clk 0:07:11]} Nf4 {[%clk
0:01:22]} 34. Rxh7 {[%clk 0:07:12]} Rxh7 {[%clk 0:01:26]} 35. Rxh7 {[%clk
0:07:15]} Qc5 {[%clk 0:01:20]} 36. Qa5 {[%clk 0:07:10]} Qxa5 {[%clk 0:01:18]} 37.
Nxa5 {[%clk 0:07:13]} Rg8 {[%clk 0:01:16]} 38. Nxb7 {[%clk 0:06:39]} g4 {[%clk
0:01:15]} 39. Na5 {[%clk 0:06:43]} Ne6 {[%clk 0:00:33]} 40. Bxe6 {[%clk 0:06:27]}
Rf8 {[%clk 0:00:37]} 41. Bf5 {[%clk 0:06:31]} 1-0

[Event "Campeonato de España Rapid 2017"]
[Site "Linares"]
[Date "2017.08.13"]
[Round "1"]
[White "Garcia Cuenda, Luis"]
[Black "Narciso Dublan, Marc"]
[Result "0-1"]
[Board "22"]
[WhiteElo "2006"]
[WhiteCountry "ESP"]
[WhiteFideId "22213643"]
[WhiteEloChange "-2"]
[BlackTitle "GM"]
[BlackElo "2516"]
[BlackCountry "ESP"]
[BlackFideId "2201500"]
[BlackEloChange "1"]

1. e4 {[%clk 0:15:08]} e6 {[%clk 0:15:09]} 2. d4 {[%clk 0:15:12]} d5 {[%clk
0:15:13]} 3. Nd2 {[%clk 0:15:15]} dxe4 {[%clk 0:15:16]} 4. Nxe4 {[%clk 0:15:19]}
Nd7 {[%clk 0:15:20]} 5. Nf3 {[%clk 0:15:22]} Ngf6 {[%clk 0:15:24]} 6. Nxf6+
{[%clk 0:15:24]} Nxf6 {[%clk 0:15:27]} 7. c3 {[%clk 0:15:27]} Be7 {[%clk
0:15:31]} 8. Bd3 {[%clk 0:15:30]} O-O {[%clk 0:15:33]} 9. O-O {[%clk 0:15:29]} b6
{[%clk 0:15:37]} 10. Qe2 {[%clk 0:14:35]} Bb7 {[%clk 0:15:39]} 11. Ba6 {[%clk
0:13:11]} Qc8 {[%clk 0:15:02]} 12. Bxb7 {[%clk 0:12:57]} Qxb7 {[%clk 0:15:06]}
13. Bg5 {[%clk 0:12:53]} h6 {[%clk 0:14:34]} 14. Bh4 {[%clk 0:12:51]} Rfe8 {[%clk
0:12:44]} 15. Rfe1 {[%clk 0:12:55]} a5 {[%clk 0:11:35]} 16. a4 {[%clk 0:11:31]}
Nd5 {[%clk 0:11:31]} 17. Bg3 {[%clk 0:11:34]} c5 {[%clk 0:11:27]} 18. Qe4 {[%clk
0:10:52]} Qa6 {[%clk 0:10:36]} 19. Qe2 {[%clk 0:09:35]} Qxe2 {[%clk 0:10:11]} 20.
Rxe2 {[%clk 0:09:38]} Bf6 {[%clk 0:10:12]} 21. dxc5 {[%clk 0:09:12]} bxc5 {[%clk
0:10:16]} 22. Ne5 {[%clk 0:09:12]} Bxe5 {[%clk 0:09:58]} 23. Bxe5 {[%clk
0:09:15]} c4 {[%clk 0:09:36]} 24. g3 {[%clk 0:09:05]} Ra7 {[%clk 0:07:27]} 25. f3
{[%clk 0:09:01]} Rb7 {[%clk 0:07:31]} 26. Bd4 {[%clk 0:06:03]} Reb8 {[%clk
0:07:28]} 27. Ra2 {[%clk 0:06:08]} Rd8 {[%clk 0:06:05]} 28. Ra1 {[%clk 0:05:51]}
h5 {[%clk 0:05:39]} 29. h4 {[%clk 0:05:29]} Ne7 {[%clk 0:05:43]} 30. Kg2 {[%clk
0:05:06]} Nf5 {[%clk 0:05:46]} 31. Bf2 {[%clk 0:04:59]} Rd3 {[%clk 0:05:37]} 32.
Rc1 {[%clk 0:04:41]} f6 {[%clk 0:04:39]} 33. Rcc2 {[%clk 0:04:45]} Kf7 {[%clk
0:04:44]} 34. Re4 {[%clk 0:04:26]} Nd6 {[%clk 0:04:48]} 35. Rd4 {[%clk 0:04:10]}
e5 {[%clk 0:04:43]} 36. Rxd3 {[%clk 0:04:01]} cxd3 {[%clk 0:04:52]} 37. Rd2
{[%clk 0:04:05]} e4 {[%clk 0:04:51]} 38. fxe4 {[%clk 0:03:23]} Nxe4 {[%clk
0:04:53]} 39. Rxd3 {[%clk 0:03:27]} Rxb2 {[%clk 0:04:57]} 40. Rf3 {[%clk
0:03:27]} Ra2 {[%clk 0:04:42]} 41. Kg1 {[%clk 0:03:06]} Rxa4 {[%clk 0:04:43]} 42.
Bd4 {[%clk 0:03:03]} Rc4 {[%clk 0:03:55]} 43. Rf5 {[%clk 0:02:27]} a4 {[%clk
0:03:28]} 44. Rxh5 {[%clk 0:02:03]} Nxg3 {[%clk 0:03:26]} 45. Rc5 {[%clk
0:01:30]} Rxc5 {[%clk 0:03:19]} 46. Bxc5 {[%clk 0:01:34]} Ne2+ {[%clk 0:03:22]}
47. Kf2 {[%clk 0:01:36]} Nxc3 {[%clk 0:03:25]} 48. Ke3 {[%clk 0:01:28]} Nb5
{[%clk 0:02:04]} 49. Kd3 {[%clk 0:01:34]} a3 {[%clk 0:01:59]} 50. Kc2 {[%clk
0:01:27]} g6 {[%clk 0:01:43]} 51. Kb3 {[%clk 0:01:11]} Ke6 {[%clk 0:01:46]} 52.
Bf8 {[%clk 0:00:53]} f5 {[%clk 0:01:05]} 53. Bg7 {[%clk 0:00:57]} f4 {[%clk
0:00:47]} 0-1

[Event "Campeonato de España Rapid 2017"]
[Site "Linares"]
[Date "2017.08.13"]
[Round "1"]
[White "Oliva Castaneda, Kevel"]
[Black "Garcia Martinez, Marcos"]
[Result "1-0"]
[Board "23"]
[WhiteTitle "IM"]
[WhiteElo "2516"]
[WhiteCountry "CUB"]
[WhiteFideId "3500799"]
[WhiteEloChange "1"]
[BlackElo "2005"]
[BlackCountry "ESP"]
[BlackFideId "22245073"]
[BlackEloChange "-2"]

1. d4 {[%clk 0:15:08]} e6 {[%clk 0:15:09]} 2. c4 {[%clk 0:15:11]} Bb4+ {[%clk
0:15:12]} 3. Bd2 {[%clk 0:15:15]} a5 {[%clk 0:15:15]} 4. g3 {[%clk 0:15:17]} Nf6
{[%clk 0:15:18]} 5. Bg2 {[%clk 0:15:21]} Nc6 {[%clk 0:15:20]} 6. Nf3 {[%clk
0:15:23]} d6 {[%clk 0:15:21]} 7. O-O {[%clk 0:15:08]} Bxd2 {[%clk 0:15:24]} 8.
Qxd2 {[%clk 0:14:47]} O-O {[%clk 0:15:23]} 9. d5 {[%clk 0:13:40]} exd5 {[%clk
0:14:40]} 10. cxd5 {[%clk 0:13:43]} Nb4 {[%clk 0:14:09]} 11. Nc3 {[%clk 0:13:44]}
Na6 {[%clk 0:13:15]} 12. Nd4 {[%clk 0:13:26]} Nc5 {[%clk 0:13:09]} 13. e4 {[%clk
0:13:28]} Re8 {[%clk 0:13:12]} 14. Rae1 {[%clk 0:13:31]} b5 {[%clk 0:11:06]} 15.
Nc6 {[%clk 0:12:41]} Qd7 {[%clk 0:11:09]} 16. e5 {[%clk 0:12:45]} dxe5 {[%clk
0:10:34]} 17. Nxe5 {[%clk 0:12:47]} Qf5 {[%clk 0:10:38]} 18. Nc6 {[%clk 0:11:37]}
Ba6 {[%clk 0:07:20]} 19. Ne7+ {[%clk 0:10:45]} Rxe7 {[%clk 0:07:24]} 20. Rxe7
{[%clk 0:10:49]} b4 {[%clk 0:07:27]} 21. Ne2 {[%clk 0:10:53]} Nce4 {[%clk
0:07:06]} 22. Qe3 {[%clk 0:10:36]} Nd6 {[%clk 0:04:49]} 23. Nd4 {[%clk 0:10:38]}
Qh5 {[%clk 0:04:28]} 24. Re1 {[%clk 0:10:41]} Rf8 {[%clk 0:03:59]} 25. Re5 {[%clk
0:09:21]} Nc4 {[%clk 0:03:27]} 26. Rxh5 {[%clk 0:09:14]} Nxe3 {[%clk 0:03:31]}
27. Re5 {[%clk 0:08:31]} Nxg2 {[%clk 0:03:32]} 28. Kxg2 {[%clk 0:08:34]} Bb7
{[%clk 0:02:48]} 29. Nc6 {[%clk 0:07:27]} Nxd5 {[%clk 0:02:51]} 30. Nxa5 {[%clk
0:07:31]} Ba8 {[%clk 0:02:45]} 31. Kg1 {[%clk 0:07:30]} Nf6 {[%clk 0:02:39]} 32.
Rc5 {[%clk 0:07:21]} Ne4 {[%clk 0:02:10]} 33. Rxc7 {[%clk 0:06:13]} Nd2 {[%clk
0:02:14]} 34. Rec1 {[%clk 0:06:14]} Nf3+ {[%clk 0:02:11]} 35. Kg2 {[%clk
0:06:17]} Nd2+ {[%clk 0:01:18]} 36. Nc6 {[%clk 0:04:37]} g5 {[%clk 0:00:55]} 37.
Rc2 {[%clk 0:04:15]} Ne4 {[%clk 0:00:35]} 38. f3 {[%clk 0:04:18]} Nd6 {[%clk
0:00:25]} 39. g4 {[%clk 0:03:35]} Nb5 {[%clk 0:00:22]} 40. Ne7+ {[%clk 0:03:14]}
Kh8 {[%clk 0:00:14]} 41. Rc8 {[%clk 0:03:15]} 1-0

[Event "Campeonato de España Rapid 2017"]
[Site "Linares"]
[Date "2017.08.13"]
[Round "1"]
[White "Perez Cuadrado Robles, Alejandro"]
[Black "Larino Nieto, David"]
[Result "0-1"]
[Board "24"]
[WhiteElo "2001"]
[WhiteCountry "ESP"]
[WhiteFideId "2244748"]
[WhiteEloChange "-2"]
[BlackTitle "GM"]
[BlackElo "2509"]
[BlackCountry "ESP"]
[BlackFideId "2256444"]
[BlackEloChange "1"]

1. e4 {[%clk 0:15:06]} c6 {[%clk 0:15:09]} 2. d4 {[%clk 0:15:06]} g6 {[%clk
0:15:13]} 3. c3 {[%clk 0:14:51]} d5 {[%clk 0:15:16]} 4. exd5 {[%clk 0:14:42]}
cxd5 {[%clk 0:15:19]} 5. Bd3 {[%clk 0:14:08]} Nc6 {[%clk 0:15:22]} 6. h3 {[%clk
0:14:09]} Bg7 {[%clk 0:15:19]} 7. Nf3 {[%clk 0:14:11]} e6 {[%clk 0:15:12]} 8. O-O
{[%clk 0:13:57]} Nge7 {[%clk 0:15:15]} 9. Bf4 {[%clk 0:13:16]} O-O {[%clk
0:15:17]} 10. Nbd2 {[%clk 0:13:00]} f6 {[%clk 0:15:21]} 11. Re1 {[%clk 0:12:30]}
g5 {[%clk 0:15:14]} 12. Bg3 {[%clk 0:09:05]} Ng6 {[%clk 0:15:17]} 13. Bc2 {[%clk
0:08:31]} f5 {[%clk 0:14:49]} 14. Be5 {[%clk 0:08:26]} Ncxe5 {[%clk 0:14:46]} 15.
Nxe5 {[%clk 0:08:25]} Nxe5 {[%clk 0:14:03]} 16. dxe5 {[%clk 0:08:28]} h6 {[%clk
0:14:01]} 17. c4 {[%clk 0:08:24]} dxc4 {[%clk 0:13:09]} 18. Nxc4 {[%clk 0:08:19]}
Qc7 {[%clk 0:13:13]} 19. Bb3 {[%clk 0:07:57]} Rd8 {[%clk 0:13:10]} 20. Qh5 {[%clk
0:07:30]} Qf7 {[%clk 0:12:04]} 21. Qxf7+ {[%clk 0:07:08]} Kxf7 {[%clk 0:12:06]}
22. Rac1 {[%clk 0:06:48]} Bf8 {[%clk 0:11:34]} 23. Red1 {[%clk 0:05:08]} Rxd1+
{[%clk 0:09:00]} 24. Rxd1 {[%clk 0:05:07]} b5 {[%clk 0:08:28]} 25. Nd6+ {[%clk
0:04:29]} Bxd6 {[%clk 0:08:31]} 26. Rxd6 {[%clk 0:04:31]} a5 {[%clk 0:08:08]} 27.
Rb6 {[%clk 0:03:56]} Bd7 {[%clk 0:07:50]} 28. Kf1 {[%clk 0:03:02]} Rc8 {[%clk
0:07:31]} 29. g3 {[%clk 0:01:22]} Rc5 {[%clk 0:06:59]} 30. Rb7 {[%clk 0:01:10]}
Ke7 {[%clk 0:06:55]} 31. Rb8 {[%clk 0:01:13]} Bc6 {[%clk 0:05:48]} 32. Rh8 {[%clk
0:00:59]} Bf3 {[%clk 0:05:51]} 33. Rh7+ {[%clk 0:00:47]} Kf8 {[%clk 0:05:47]} 34.
Ke1 {[%clk 0:00:34]} a4 {[%clk 0:05:50]} 35. Bxa4 {[%clk 0:00:15]} bxa4 {[%clk
0:05:49]} 36. Rxh6 {[%clk 0:00:22]} Rd5 {[%clk 0:05:53]} 0-1